000 00402nam a2200193Ia 4500
008 151119s9999||||xx |||||||||||||| ||und||
082 _a822
082 _bGKKV4239
100 _aGALSWORTHY JOHN
245 _aJUSTICE
260 _a--
260 _b--
260 _c0
600 _aGALSWORTHY JOHN
630 _aJUSTICE
700 _aGALSWORTHY JOHN
730 _aJUSTICE
942 _cBOOK
999 _c1059604
_d1059601